| 000 | 00785cab a2200241 4500 | ||
|---|---|---|---|
| 001 | WB3436-14 | ||
| 008 | 090401t1998 xxu||||| |||| 00| 0 eng d | ||
| 035 | _a(Sirsi) u88609 | ||
| 041 | _aeng | ||
| 245 | _aPFI guide aims to speed deal process | ||
| 260 | _c1998 | ||
| 350 | _a0 | ||
| 490 |
_aFinancial Times _v21 September 1998, 9(1) |
||
| 520 | _aThe Treasury`s PFI taskforce are seeking to speed up the process of negotiation on PFI deals by drawing up a series of standard provisions which are being sent out for comments this week. | ||
| 650 | _aFUNDING | ||
| 650 | _aPFI TASKFORCE | ||
| 650 | _aPFI | ||
| 650 | _aPRIVATE FINANCE INITIATIVE | ||
| 650 | _aPRIVATE FUNDING | ||
| 690 | _aPROPERTY-PROPERTY FINANCE AND INVESTMENT | ||
| 942 | _n0 | ||
| 948 | _c23/09/1998 | ||
| 999 |
_c56013 _d56013 |
||